Прейскурант конторы В. А. Кютнер, преемник А. Ф. Ланггауза
| Summary: | Дореволюционная орфография На верхнем и нижнем обрезах штамп: "В. А. Кютнер" Текст в русской дореформенной орфографии |
|---|---|
| Idioma: | ruso |
| Publicado: |
[Москва], Типография Штаба Московского военного Округа, 1907
|
| Subjects: | |
| Formato: | Libro |
| KOHA link: | https://koha.lib.tpu.ru/cgi-bin/koha/opac-detail.pl?biblionumber=324648 |
MARC
| LEADER | 00000nam0a2200000 4500 | ||
|---|---|---|---|
| 001 | 324648 | ||
| 005 | 20231102003704.0 | ||
| 035 | |a (RuTPU)RU\TPU\book\350246 | ||
| 035 | |a RU\TPU\book\350178 | ||
| 090 | |a 324648 | ||
| 100 | |a 20161118d1907 m y0rusy50 ca | ||
| 101 | 0 | |a rus | |
| 102 | |a RU | ||
| 105 | |a a b 001zy | ||
| 200 | 1 | |a Прейскурант конторы В. А. Кютнер, преемник А. Ф. Ланггауза | |
| 210 | |a [Москва] |c Типография Штаба Московского военного Округа |d 1907 | ||
| 215 | |a 686, [2] с. |c ил. |e [Приложение] на 21 л. | ||
| 300 | |a Дореволюционная орфография | ||
| 300 | |a На верхнем и нижнем обрезах штамп: "В. А. Кютнер" | ||
| 300 | |a Текст в русской дореформенной орфографии | ||
| 317 | |5 63413507: М-132038 |a Поступила в НТБ в 1970 г. в составе книжного собрания профессора ТПИ И. Н. Бутакова | ||
| 320 | |a Алфавит и таблица скидок | ||
| 606 | 1 | |a Техника |2 stltpush |3 (RuTPU)RU\TPU\subj\60019 |9 77509 | |
| 610 | 1 | |a каталоги | |
| 610 | 1 | |a аппараты | |
| 610 | 1 | |a водонагреватели | |
| 610 | 1 | |a крепеж | |
| 610 | 1 | |a инструменты | |
| 610 | 1 | |a калибры | |
| 610 | 1 | |a трубы | |
| 610 | 1 | |a станки | |
| 610 | 1 | |a насосы | |
| 610 | 1 | |a библиотека И. Н. Бутакова | |
| 675 | |a 62(035) |v 4 | ||
| 801 | 1 | |a RU |b 63413507 |c 20161118 | |
| 801 | 2 | |a RU |b 63413507 |c 20190722 |g RCR | |
| 942 | |c BK | ||